000 00313nam a2200121 a 4500
005 20141022142006.0
008 090305s19uu xx 00 eng d
050 _aVCD
_bD54 2007
245 _aJourney to the center of the Earth.
650 _aVCD.
650 _aJourney to the Center of the Earth
942 _cAVM
999 _c276525
_d276525